书目信息 |
| 题名: |
红笺小字,说尽平生意
|
|
| 作者: | 张觅 著 | |
| 分册: | ||
| 出版信息: | 北京 北京工业大学出版社 2016 |
|
| 页数: | 268页 | |
| 开本: | 23cm | |
| 丛书名: | ||
| 单 册: | ||
| 中图分类: | I207.227.2 | |
| 科图分类: | ||
| 主题词: | 古典诗歌--gu dian shi ge--诗歌欣赏--中国 | |
| 电子资源: | ||
| ISBN: | 978-7-5639-4607-5 | |
| 000 | 00998nam0 22002411 450 | |
| 001 | 0118172300 | |
| 005 | 20170618172300.0 | |
| 010 | @a978-7-5639-4607-5@dCNY32.00 | |
| 100 | @a20160607d2016 em y0chiy50 ea | |
| 101 | 0 | @achi |
| 102 | @aCN@b110000 | |
| 105 | @aa z 000gy | |
| 106 | @ar | |
| 200 | 1 | @a红笺小字,说尽平生意@Ahong jian xiao zi shuo jin ping sheng yi@e古诗词中的千古相思@f张觅著 |
| 210 | @a北京@c北京工业大学出版社@d2016 | |
| 215 | @a268页@c图@d23cm | |
| 330 | @a本书从古诗词中的相思入手,探寻古人那些无处诉说的情感。收录了:《青青子衿,悠悠我心》、《所谓伊人,在水一方》、《生当复来归,死当长相思》、《南风知我意,吹梦到西洲》、《思君令人老,岁月忽已晚》、《与子之别,思心徘徊》等诗歌作品。 | |
| 517 | 1 | @a古诗词中的千古相思@Agu shi ci zhong de qian gu xiang si |
| 606 | 0 | @a古典诗歌@Agu dian shi ge@x诗歌欣赏@y中国 |
| 690 | @aI207.227.2@v5 | |
| 701 | 0 | @a张觅@Azhang mi@c(女,@f1984~)@4著 |
| 801 | 0 | @aCN@bTANGWEI@c20170615 |
| 905 | @b1009197-202@dI207.227.2@e1023@f6 | |
| 红笺小字,说尽平生意:古诗词中的千古相思/张觅著 .-北京:北京工业大学出版社,2016 |
| 268页:图;23cm |
| ISBN 978-7-5639-4607-5:CNY32.00 |
| 本书从古诗词中的相思入手,探寻古人那些无处诉说的情感。收录了:《青青子衿,悠悠我心》、《所谓伊人,在水一方》、《生当复来归,死当长相思》、《南风知我意,吹梦到西洲》、《思君令人老,岁月忽已晚》、《与子之别,思心徘徊》等诗歌作品。 |
| ● |
| 相关链接 |
|
|
|
|
正题名:红笺小字,说尽平生意
索取号:I207.227.2/1023
 
预约/预借
| 序号 | 登录号 | 条形码 | 馆藏地/架位号 | 状态 | 备注 |
| 1 | 1009197 | 210091979 | 第一样本阅览室/ [索取号:I207.227.2/1023] | 在馆 | |
| 2 | 1009198 | 210091988 | 教育系资料室/ [索取号:I207.227.2/1023] | 在馆 | |
| 3 | 1009199 | 210091997 | 教育系资料室/ [索取号:I207.227.2/1023] | 在馆 | |
| 4 | 1009200 | 210092004 | 教育系资料室/ [索取号:I207.227.2/1023] | 在馆 | |
| 5 | 1009201 | 210092013 | 第二借阅区/ [索取号:I207.227.2/1023] | 在馆 | |
| 6 | 1009202 | 210092022 | 第二借阅区/ [索取号:I207.227.2/1023] | 在馆 |